00754nam a22001697a 4500003000400000005001700004008004100021040002200062082002000084100002000104245008600124260004100210300003200251520026900283546001300552700001900565OSt20260508082435.0260508b |||||||| |||| 00| 0 eng d aDWCL GS lib cOC  aFic. K26m 1978  aKeene, Carolyn  anancy drew mystery stories 55: bthe mystery of crocodile island cCarolyn Keene  aNew York bGrosset & Dunlap cc1978  a180 billustrations c20cm  aMystery of Crocodile Island (1978) is the 55th installment in the Nancy Drew Mystery Stories series. In this adventure, Nancy Drew travels to Florida with her friends Bess Marvin and George Fayne to investigate a group of poachers operating on a mysterious island. aEnglish  aCarolyn Keene